Geometry Dash - Extreme Demons Starting with B (Pre-2.2) - Statistics

General Stats
  • This quiz has been taken 263 times
    39 since last reset
  • The average score is 14 of 44
Answer Stats
Publisher Answer % Correct
Riot Bloodbath
96%
Knobbelboy Bloodlust
87%
KrmaL Black Blizzard
65%
Pennutoh Bausha Vortex
52%
lTemp Balengu Vortex
48%
Sminx Belloq
48%
Manix648 Blade of Justice
48%
JonathanGD BuTiTi III
48%
TeamN2 A {Bizarre Phantasm}
43%
Danzmen Bang Gang
43%
bloodshot Bass Cave
43%
Galaxxyss BEELINE
43%
cherryteam Belladonna
43%
Grax Broken Signal
43%
Alphirox Based Gang
39%
MikeWheelerFan BBBBBBBBBBBBBBBBBBBB
39%
Surv Breakout
39%
Moffe Barbaros Finale
35%
TrusTa Berserk
35%
weoweoteo Betrayal of Fate
30%
NEKONGAMES Black Flag
30%
whlt BLACKLIGHTS
30%
Waivve Breakout Redux
30%
AlrexX BYE
30%
kodex360 Backlights
26%
IronIngot Ballistic Funk
26%
ARtu Biohazard
26%
Ka1sa Booh
26%
Splash Betrayal of Destiny
22%
Digitalzero Boogie
22%
MadisonYuko Brimtanic Paradise
22%
ArtaxFerSarh BROWNOIX
22%
Zanna83 Betelgeuse
17%
ThePurgatory Bete Noire
17%
SleyGD Bitcrusher
17%
SouljaBoyCrankD Bruno Mars
17%
robotchief BRKMGB8GJCZ
13%
crazyllama burn to dust
13%
Gablor BuZzKiLl
13%
fakeblast Beyond Hell
9%
MCres Beyond the summit
9%
IceboxOG Blue Suns Zenith
9%
DiamondDemon935 Boreas
4%
DracoZeon Bored Walk
4%
No matching quizzes found
Score Distribution
Percent of People with Each Score
Percentile by Number Answered
Your Score History
You have not taken this quiz since the last reset